000 00688nam a2200229 4500
001 144404
003 ES-MaACL
005 20230906201017.0
007 t|
008 070214s1983 sp r ||||1| spa d
020 _a84-316-2179-6
100 1 _aSijben, J. J.
_9106324
245 1 0 _aExpectativas racionales y política monetaria /
_cJ. J. Sijben ; traducción de Marta Condominas.
250 _a1ª. ed.
260 _aBarcelona :
_bVicens-Vives,
_c1983.
300 _aVII, 135 p. ;
_c22 cm.
490 1 _aVicens universidad
700 1 _aCondominas, Marta.
_940143
830 0 _aVicens universidad
_9187337
852 _aES-MaACL
_jL-11656
_bR.113298
999 _c144404
_d144404